| 000 | 01086cam a2200265 i 4500 | ||
|---|---|---|---|
| 003 | SA-RiAUC | ||
| 005 | 20241202141509.0 | ||
| 008 | 241130s1986 sy g 000 0 ara c | ||
| 040 |
_aKW-ShULA _bara _cSA-RiAUC _erda |
||
| 082 | 0 | 4 | _a241 |
| 090 |
_a241 _bز ج ا |
||
| 100 | 1 |
_aالزجاج، إبراهيم بن السري بن سهل، _d241-311 هجري _eمؤلف. |
|
| 245 | 1 | 0 |
_aتفسير أسماء الله الحسنى / _cإملاء أبي إسحاق إبراهيم بن السري الزجاج ؛ تحقيق أحمد يوسف الدقاق. |
| 250 | _aالطبعة الخامسة، منقحة. | ||
| 264 | 1 |
_aدمشق : _bدار المأمون، _c1986 |
|
| 300 |
_a98 صفحة ؛ _c24 سم |
||
| 336 |
_aنص _btxt _2rdacontent _3كتاب |
||
| 337 |
_aبدون وسيط _bn _2rdamedia |
||
| 338 |
_aمجلد _bnc _2rdacarrier |
||
| 650 | 7 |
_aالأسماء الحسنى _2aucsh |
|
| 650 | 7 |
_aالإلهيات (علم الكلام) _2aucsh |
|
| 700 | 1 |
_aالدقاق، أحمد يوسف _eمحقق. |
|
| 942 |
_2ddc _cBOOK _n0 |
||
| 949 |
_aSA-JeALM _d241130 _umohamedma123 _n1 |
||
| 999 |
_c2954 _d2954 |
||